International Business Text & Cases (Record no. 2415)

MARC details
000 -LEADER
fixed length control field 00435nam a22001697a 4500
005 - DATE AND TIME OF LATEST TRANSACTION
control field 20180327114540.0
008 - FIXED-LENGTH DATA ELEMENTS--GENERAL INFORMATION
fixed length control field 160611b xxu||||| |||| 00| 0 eng d
020 ## - INTERNATIONAL STANDARD BOOK NUMBER
ISBN 978-81-203-3096-2
041 ## - LANGUAGE CODE
Language code of text/sound track or separate title eng
082 ## - DEWEY DECIMAL CLASSIFICATION NUMBER
Item number 6935
Classification number 338.88
100 ## - MAIN ENTRY--AUTHOR NAME
Personal name Cherunilarn, Francis
245 ## - TITLE STATEMENT
Title International Business Text & Cases
260 ## - PUBLICATION, DISTRIBUTION, ETC. (IMPRINT)
Place of publication New Delhi
Name of publisher PHI Learning Pvt. Ltd.
300 ## - PHYSICAL DESCRIPTION
Number of Pages 817
650 ## - SUBJECT ADDED ENTRY--TOPICAL TERM
Topical Term Management
942 ## - ADDED ENTRY ELEMENTS (KOHA)
Koha item type Books
Holdings
Lost status Damaged status Collection code Home library Current library Shelving location Date acquired Cost, normal purchase price Full call number Accession Number Koha item type
    MANAGEMENT JRU Library JRU Library SHELF-61-D 11/06/2016 395.00 338.88 6935 Books
    MANAGEMENT JRU Library JRU Library SHELF-61-D 11/06/2016 395.00 338.88 6936 Books
    MANAGEMENT JRU Library JRU Library SHELF-61-D 11/06/2016 395.00 338.88 6937 Books
    MANAGEMENT JRU Library JRU Library SHELF-61-D 11/06/2016 395.00 338.88 6938 Books
    Reference JRU Library   SHELF-30-D 11/06/2016 395.00 338.88 6939 Books